| 000 | 00580cam a22002172a 4500 | ||
|---|---|---|---|
| 001 | 020437 | ||
| 003 | AR-FADEU | ||
| 008 | 311216n2007####xxu####################dd | ||
| 020 | _a978-950-802-265-3 | ||
| 092 |
_a361.1 _bC386 |
||
| 100 | _aCazzaniga, Susana | ||
| 245 | _aHilos y nudos : la formación, la intervención y lo político en el trabajo social | ||
| 260 | _aBuenos Aires | ||
| 260 | _bEspacio | ||
| 260 | _c2007 | ||
| 300 | _a203 p | ||
| 440 | _aCiencias sociales | ||
| 500 | _aIncluye bibliografía | ||
| 650 | _aINTERVENCION PROFESIONAL | ||
| 942 | _cBDGR | ||
| 999 |
_c26161 _d26161 |
||